[Event "Bayern-chI Bank Hofmann 16th"]
[Site "Bad Wiessee"]
[Date "2012.11.04"]
[Round "9"]
[White "Forchert, Martin"]
[Black "Arnoczky, Philipp"]
[Result "1/2-1/2"]
[WhiteElo "2393"]
[BlackElo "1947"]
[PlyCount "132"]
[EventDate "2012.10.27"]
[EventType "swiss"]
[EventRounds "9"]
[EventCountry "GER"]
[SourceTitle "EXT 2013"]
[Source "ChessBase"]
[SourceDate "2012.11.22"]
[SourceVersion "1"]
[SourceVersionDate "2012.11.22"]
[SourceQuality "1"]

1. e4 Nf6 2. e5 Nd5 3. d4 d6 4. c4 Nb6 5. exd6 cxd6 6. Nc3 g6 7. Be3 Bg7 8. Rc1 0-0 9. b3 e5 10. dxe5 dxe5 11. Qxd8 Rxd8 12. c5 N6d7 13. Nf3 Nc6 14. Bc4 Nf8 15. Ng5 Rd7 16. Nge4 Nd4 17. Nd5 Kh8 18. Bxd4 exd4 19. 0-0 Ne6 20. Rfe1 h6 21. b4 Be5 22. Nef6 Bxf6 23. Nxf6 Rd8 24. Ne4 Kg7 25. Rcd1 Kf8 26. Nd6 b6 27. Nxc8 Raxc8 28. Bxe6 fxe6 29. Rxe6 Kf7 30. Re5 Kf6 31. f4 bxc5 32. bxc5 g5 33. g3 gxf4 34. gxf4 Rb8 35. c6 Rbc8 36. Rh5 Kg6 37. Rc5 Rd6 38. c7 Rd7 39. Rdc1 Rf7 40. Rc6+ Kg7 41. Kf2 Rxf4+ 42. Ke2 Rf7 43. Kd3 Rd7 44. R1c5 Kh7 45. h4 Kg7 46. h5 Kh7 47. a4 a5 48. Rxa5 Rcxc7 49. Rxc7 Rxc7 50. Rf5 Rd7 51. a5 Rd6 52. Rf7+ Kg8 53. Rb7 Kf8 54. Rb6 Rd5 55. a6 Kg7 56. Rg6+ Kh7 57. Rc6 Kg7 58. Ke4 Rxh5 59. Kxd4 Ra5 60. Kc4 h5 61. Kb4 Ra1 62. Kb5 h4 63. Kb6 h3 64. Rc2 Kg6 65. a7 Rb1+ 66. Kc7 Ra1 1/2-1/2

[Event "GER-ch U16"]
[Site "Oberhof"]
[Date "2012.05.29"]
[Round "5"]
[White "Arnoczky, Philipp"]
[Black "Schreiber, Kevin"]
[Result "1-0"]
[WhiteElo "2031"]
[BlackElo "1948"]
[PlyCount "65"]
[EventDate "2012.05.27"]
[EventType "swiss"]
[EventRounds "9"]
[EventCountry "GER"]
[SourceTitle "CBM 148 Extra"]
[Source "ChessBase"]
[SourceDate "2012.06.22"]
[SourceVersion "1"]
[SourceVersionDate "2012.06.22"]
[SourceQuality "1"]

1. d4 d5 2. c4 e6 3. Nf3 Nf6 4. g3 Be7 5. Bg2 0-0 6. 0-0 Nbd7 7. Qc2 c6 8. Nbd2 b6 9. e4 Bb7 10. e5 Ne8 11. cxd5 cxd5 12. Qa4 a5 13. Re1 Ba6 14. Bf1 Bxf1 15. Nxf1 Nc7 16. h4 b5 17. Qd1 Qb8 18. Qd3 Rc8 19. Ng5 Nf8 20. Qf3 Bxg5 21. hxg5 Qb6 22. Be3 Na6 23. Rad1 Rc2 24. Bc1 Rac8 25. Ne3 R2c6 26. Ng4 Nb4 27. Nf6+ gxf6 28. gxf6 Ng6 29. Qh5 Qd8 30. Kg2 Rxc1 31. Rh1 Kf8 32. Qxh7 Ke8 33. Qg8+ 1-0

[Event "Oberbayern-ch"]
[Site "Weilheim Marnbach"]
[Date "2012.05.??"]
[Round "7.1"]
[White "Arnoczky, Philipp"]
[Black "Lochte, Thomas"]
[Result "1-0"]
[WhiteElo "1999"]
[BlackElo "2164"]
[PlyCount "91"]
[EventDate "2012.05.17"]
[EventType "swiss"]
[EventRounds "7"]
[EventCountry "GER"]
[SourceTitle "EXT 2022"]
[Source "ChessBase"]
[SourceDate "2021.10.06"]
[SourceVersion "1"]
[SourceVersionDate "2021.10.06"]
[SourceQuality "1"]

1. d4 Nf6 2. Nf3 g6 3. c4 c5 4. d5 b5 5. cxb5 a6 6. bxa6 Bxa6 7. Nc3 d6 8. g3 Nbd7 9. Bg2 Bg7 10. Rb1 Qa5 11. 0-0 0-0 12. Re1 Rfb8 13. Qc2 Ng4 14. Bg5 Rxb2 15. Qxb2 Bxc3 16. Bd2 Bxb2 17. Bxa5 Bf6 18. Bd2 Bc4 19. Rb7 Nde5 20. Nxe5 Nxe5 21. f4 Ng4 22. h3 Rxa2 23. hxg4 Rxd2 24. g5 Bd4+ 25. e3 Bc3 26. Rb8+ Kg7 27. Rc1 Rxg2+ 28. Kxg2 Bxd5+ 29. Kf2 Bb4 30. Ra1 f6 31. Ra7 fxg5 32. fxg5 Kf7 33. Rh8 Ke6 34. g4 Be4 35. Rxh7 Kd5 36. Rhxe7 Bc3 37. Ra4 Be5 38. Rxe4 Kxe4 39. Re6 c4 40. Ke2 c3 41. Rxg6 c2 42. Kd2 c1Q+ 43. Kxc1 Kxe3 44. Re6 Kf4 45. g6 Bg7 46. Re7 1-0

[Event "Oberbayern-ch"]
[Site "Weilheim Marnbach"]
[Date "2012.05.??"]
[Round "1.1"]
[White "Zill, Christoph"]
[Black "Arnoczky, Philipp"]
[Result "1-0"]
[WhiteElo "2219"]
[BlackElo "1999"]
[PlyCount "49"]
[EventDate "2012.05.17"]
[EventType "swiss"]
[EventRounds "7"]
[EventCountry "GER"]
[SourceTitle "EXT 2022"]
[Source "ChessBase"]
[SourceDate "2021.10.06"]
[SourceVersion "1"]
[SourceVersionDate "2021.10.06"]
[SourceQuality "1"]

1. f4 Nf6 2. Nf3 d5 3. d3 g6 4. g3 Bg7 5. Bg2 0-0 6. 0-0 c5 7. Qe1 Nc6 8. e4 e6 9. e5 Ne8 10. c3 b6 11. b4 Ba6 12. Qd2 d4 13. bxc5 dxc3 14. Nxc3 bxc5 15. Rd1 Rc8 16. Ne4 Nd4 17. Ba3 Bb7 18. Nxd4 Qxd4+ 19. Qf2 Qxf2+ 20. Kxf2 Bxe4 21. dxe4 f6 22. Bh3 Rc6 23. Rac1 fxe5 24. Bxc5 Rf6 25. Be7 1-0

[Event "Bayern-chI Bank Hofmann 15th"]
[Site "Bad Wiessee"]
[Date "2011.10.29"]
[Round "1"]
[White "Arnoczky, Philipp"]
[Black "Rivas Pastor, Manuel"]
[Result "0-1"]
[WhiteElo "1948"]
[BlackElo "2559"]
[PlyCount "70"]
[EventDate "2011.10.29"]
[EventType "swiss"]
[EventRounds "9"]
[EventCountry "GER"]
[SourceTitle "EXT 2012"]
[Source "ChessBase"]
[SourceDate "2011.11.24"]
[SourceVersion "1"]
[SourceVersionDate "2011.11.24"]
[SourceQuality "1"]

1. d4 e6 2. c4 b6 3. Nf3 Bb7 4. e3 f5 5. Bd3 Bb4+ 6. Bd2 Bxd2+ 7. Nbxd2 Nf6 8. Qc2 Nc6 9. a3 Qe7 10. b4 g5 11. 0-0 Qg7 12. d5 g4 13. Nd4 Nxd4 14. exd4 0-0 15. dxe6 dxe6 16. d5 exd5 17. Bxf5 Kh8 18. cxd5 Nxd5 19. Be4 Rad8 20. Nc4 Ba6 21. Rfe1 Nf4 22. Rad1 Rd4 23. Rxd4 Qxd4 24. Qb2 c5 25. bxc5 bxc5 26. Qxd4+ cxd4 27. Ne5 Re8 28. Nf7+ Kg7 29. Nd6 Rd8 30. Nf5+ Kf6 31. f3 gxf3 32. gxf3 d3 33. Ng3 d2 34. Rd1 Be2 35. Nxe2 Nxe2+ 0-1